Statistiques concernant Culture Générale - Série 2220

Cliquez ici pour prendre le quiz!

Statistiques générales

  • Ce quiz a été pris 106 fois
  • Le résultat moyen est 7 sur 10

Statistiques - réponses

QuestionRéponse% Correct
Quelles chutes d'eau célèbres se trouvent à la frontière entre le Canada et les États-Unis ?Niagara
95%
Quelle prison célèbre, reconvertie en site historique, est située sur l'île du même nom, dans la baie de San Francisco ?Alcatraz
94%
Le célèbre pont de Venise, qui relie les anciennes prisons aux cellules d'interrogatoires du palais des Doges. s'appelle "le pont des ....soupirs
86%
Dans quelle ville peut-on admirer "la petite sirène" ? voir photoCopenhague
85%
Dans quel pays se trouve le désert du Namib ?Namibie
82%
Quel site archéologique constitue la principale attraction touristique du Cambodge ?Angkor
67%
Si vous êtes à Saint-Pétersbourg, quel grand musée irez-vous visiter ?Ermitage
53%
Dans quel pays se trouve la plus haute chute d'eau du monde (918m) ?Venezuela
49%
Dans quel pays se trouve le salar d'Uyuni, qui est un désert de sel ?Bolivie
44%
Qui a réalisé "Thelma and Louise ", "Alien" et "Blade Runner " ? prénom et nomRidley Scott
38%

Distribution des résultats

Percentile par nombre de réponses

% des personnes avec chaque résultat

Votre développement - résultats

Vous n’avez pas pris ce quiz